[Event "Suwalki Warakomska Memorial 7th"]
[Site "Suwalki"]
[Date "2023.08.10"]
[Round "5"]
[White "Karut, Kacper"]
[Black "Schippers, Maurice"]
[Result "0-1"]
[WhiteElo "2125"]
[BlackElo "2203"]
[PlyCount "66"]
[EventDate "2023.08.07"]
[EventType "swiss"]
[EventRounds "9"]
[EventCountry "POL"]
[SourceTitle "CBM 215 Extra"]
[Source "ChessBase"]
[SourceDate "2023.09.30"]
[SourceVersion "1"]
[SourceVersionDate "2023.09.30"]
[SourceQuality "1"]

1. e4 c5 2. Nf3 d6 3. d4 cxd4 4. Nxd4 Nf6 5. Nc3 a6 6. h4 e5 7. Nb3 Be7 8. Bg5 Be6 9. Bxf6 Bxf6 10. g3 Be7 11. Nd5 Nd7 12. Nxe7 Kxe7 13. Qd2 Qc7 14. Bd3 Nf6 15. 0-0-0 a5 16. Kb1 Rhd8 17. f4 a4 18. Nc1 a3 19. b3 Qc5 20. Ne2 Rac8 21. c4 Bg4 22. Rhe1 Kf8 23. f5 b5 24. cxb5 Bxe2 25. Rxe2 d5 26. exd5 Nxd5 27. Bc4 Nc3+ 28. Qxc3 Rxd1+ 29. Kc2 Qg1 30. Qb4+ Kg8 31. Qxa3 Qd4 32. Qa4 Qa1 33. Qa3 Rxc4+ 0-1

[Event "NED-chT 2223"]
[Site "Netherlands"]
[Date "2023.04.01"]
[Round "8.4"]
[White "Schippers, Maurice"]
[Black "Jansen, Bob"]
[Result "0-1"]
[WhiteElo "2228"]
[BlackElo "2175"]
[PlyCount "72"]
[EventDate "2022.09.17"]
[EventType "team-tourn"]
[EventRounds "9"]
[EventCountry "NED"]
[SourceTitle "EXT 2024"]
[Source "ChessBase"]
[SourceDate "2023.10.10"]
[SourceVersion "1"]
[SourceVersionDate "2023.10.10"]
[SourceQuality "1"]
[WhiteTeam "Groningen Combinatie"]
[BlackTeam "De Stukkenjagers"]
[WhiteTeamCountry "NED"]
[BlackTeamCountry "NED"]

1. e4 e6 2. d4 d5 3. e5 c5 4. c3 Nc6 5. Nf3 Nge7 6. Bd3 cxd4 7. cxd4 Nf5 8. Bxf5 exf5 9. 0-0 Be6 10. Nc3 Be7 11. a3 g5 12. b4 f4 13. Bb2 Qd7 14. Na4 b6 15. Rc1 Rc8 16. Qb3 0-0 17. Bc3 g4 18. Nd2 Bg5 19. Qd1 Rc7 20. Nb3 Rfc8 21. Bd2 Nxb4 22. Rxc7 Rxc7 23. Nxb6 axb6 24. Bxb4 Qb5 25. f3 h5 26. Nc1 Bf5 27. Qb3 Qc4 28. Qd1 Qc2 29. Nb3 Rc4 30. Na1 Qb2 31. Qa4 Qxd4+ 32. Kh1 Qxe5 33. Qa8+ Rc8 34. Qb7 gxf3 35. gxf3 Qe2 36. Kg1 Bh3 0-1

[Event "Suwalki Warakomska Memorial 6th"]
[Site "Suwalki"]
[Date "2022.08.08"]
[Round "7"]
[White "Schippers, Maurice"]
[Black "Rakshitta, Ravi"]
[Result "0-1"]
[WhiteElo "2268"]
[BlackElo "2111"]
[PlyCount "100"]
[EventDate "2022.08.03"]
[EventType "swiss"]
[EventRounds "9"]
[EventCountry "POL"]
[SourceTitle "CBM 209 Extra"]
[Source "ChessBase"]
[SourceDate "2022.09.30"]
[SourceVersion "1"]
[SourceVersionDate "2022.09.30"]
[SourceQuality "1"]

1. e4 e5 2. Nf3 Nc6 3. Bc4 Bc5 4. c3 Nf6 5. d4 exd4 6. e5 d5 7. Bb5 Ne4 8. cxd4 Bb6 9. Nc3 0-0 10. Be3 f5 11. exf6 Nxf6 12. Bxc6 bxc6 13. Ne5 Qd6 14. 0-0 c5 15. dxc5 Bxc5 16. Bxc5 Qxc5 17. Rc1 Qd6 18. Re1 Rb8 19. b3 Bf5 20. Na4 Ne4 21. Nd3 Rf6 22. Nac5 Rh6 23. g3 Rf8 24. Re3 Nf6 25. Ne5 d4 26. Re1 Re8 27. Ncd3 Be4 28. Ng4 Rg6 29. Nxf6+ gxf6 30. Nc5 f5 31. Rc4 d3 32. Nxe4 fxe4 33. Rcxe4 Rxe4 34. Rxe4 Qd7 35. Qd2 Qd5 36. Qf4 Qd6 37. Qd2 Qd5 38. Re8+ Kf7 39. Re1 Re6 40. Qf4+ Ke8 41. Rd1 Re2 42. Qxc7 d2 43. Qb8+ Kf7 44. Qxa7+ Re7 45. Rxd2 Qxd2 46. Qc5 Qe1+ 47. Kg2 Qe4+ 48. Kg1 Rd7 49. Qh5+ Kg8 50. h4 Rd5 0-1

[Event "Suwalki Warakomska Memorial 6th"]
[Site "Suwalki"]
[Date "2022.08.06"]
[Round "5"]
[White "Praczukowski, Stanislaw"]
[Black "Schippers, Maurice"]
[Result "1-0"]
[WhiteElo "2071"]
[BlackElo "2268"]
[PlyCount "47"]
[EventDate "2022.08.03"]
[EventType "swiss"]
[EventRounds "9"]
[EventCountry "POL"]
[SourceTitle "CBM 209 Extra"]
[Source "ChessBase"]
[SourceDate "2022.09.30"]
[SourceVersion "1"]
[SourceVersionDate "2022.09.30"]
[SourceQuality "1"]

1. Nf3 d5 2. g3 Nf6 3. Bg2 c5 4. 0-0 Nc6 5. d4 cxd4 6. Nxd4 e5 7. Nxc6 bxc6 8. c4 Be6 9. Qa4 Qd7 10. Nc3 Rb8 11. cxd5 cxd5 12. Qxd7+ Kxd7 13. Rd1 d4 14. e3 Kc8 15. exd4 exd4 16. Ne4 Nxe4 17. Bxe4 Bd6 18. Rxd4 Be5 19. Ra4 Rd8 20. Bg5 Bxb2 21. Rb1 Rd4 22. Rxd4 Bxd4 23. Rc1+ Kd7 24. Rd1 1-0

[Event "NED-chT 2122"]
[Site "Netherlands"]
[Date "2022.04.02"]
[Round "8.5"]
[White "Schippers, Maurice"]
[Black "Schulze, Marc Andre"]
[Result "1/2-1/2"]
[WhiteElo "2290"]
[BlackElo "2192"]
[PlyCount "103"]
[EventDate "2021.09.18"]
[EventType "team-tourn"]
[EventRounds "9"]
[EventCountry "NED"]
[SourceTitle "EXT 2024"]
[Source "ChessBase"]
[SourceDate "2023.10.10"]
[SourceVersion "1"]
[SourceVersionDate "2023.10.10"]
[SourceQuality "1"]
[WhiteTeam "Groningen Combinatie"]
[BlackTeam "Kennemer Combinatie"]
[WhiteTeamCountry "NED"]
[BlackTeamCountry "NED"]

1. e4 c5 2. Nf3 g6 3. d4 cxd4 4. Nxd4 Bg7 5. c4 Nc6 6. Be3 Nf6 7. Nc3 Ng4 8. Qxg4 Nxd4 9. Qd1 e5 10. Be2 0-0 11. 0-0 d6 12. Nb5 Qb6 13. Qd2 a6 14. Nxd4 exd4 15. Bg5 Be6 16. Bd3 Qc6 17. Rac1 Rfe8 18. b3 Rac8 19. a4 Qd7 20. Rfe1 f5 21. exf5 Bxf5 22. Bf4 Be5 23. Bg3 b6 24. Rcd1 b5 25. cxb5 Bxd3 26. Qxd3 axb5 27. a5 Rc3 28. Qe4 Rxb3 29. f4 d5 30. Qc2 Rc3 31. Qa2 Bf6 32. Rxe8+ Qxe8 33. Qxd5+ Kg7 34. Bf2 Rc4 35. Qb7+ Kh6 36. g4 g5 37. h4 Qe2 38. hxg5+ Kg6 39. Re1 Qxg4+ 40. Kf1 Qh3+ 41. Kg1 Qg4+ 42. Qg2 Qxg2+ 43. Kxg2 Bd8 44. Re5 Bxa5 45. Rxb5 Bc7 46. Kf3 h6 47. gxh6 Kxh6 48. Rd5 Rc6 49. Bxd4 Rd6 50. Rxd6+ Bxd6 51. Be5 Be7 52. Ke4 1/2-1/2

[Event "POL-chT 1st League"]
[Site "Szklarska Poreba"]
[Date "2021.09.11"]
[Round "8.1"]
[White "Schippers, Maurice"]
[Black "Galuszka, Tomasz"]
[Result "1-0"]
[WhiteElo "2285"]
[BlackElo "2212"]
[PlyCount "65"]
[EventDate "2021.09.04"]
[EventType "team-swiss"]
[EventRounds "9"]
[EventCountry "POL"]
[SourceTitle "CBM 204 Extra"]
[Source "ChessBase"]
[SourceDate "2021.11.30"]
[SourceVersion "1"]
[SourceVersionDate "2021.11.30"]
[SourceQuality "1"]
[WhiteTeam "Gliwice Akademia Szachowa"]
[BlackTeam "Jastrzebie Zdroj Pionier"]
[WhiteTeamCountry "POL"]
[BlackTeamCountry "POL"]

1. e4 c6 2. d4 d5 3. exd5 cxd5 4. c4 Nf6 5. Nc3 e6 6. Nf3 Bb4 7. cxd5 Nxd5 8. Bd2 Nc6 9. Bd3 0-0 10. 0-0 Be7 11. Re1 Nf6 12. Bg5 h6 13. Bf4 Nb4 14. Bb1 Nbd5 15. Be5 Bd7 16. a3 Rc8 17. Qd3 g6 18. Qd2 Kh7 19. Ne2 Be8 20. h4 Nh5 21. Ng3 Nxg3 22. Bxg3 h5 23. Re5 f5 24. Ba2 Bf7 25. Bxd5 exd5 26. Rae1 Bf6 27. Bf4 Qb6 28. R5e2 Kg8 29. Be5 Rfd8 30. Qh6 Bxe5 31. Rxe5 Qf6 32. Ng5 Rc6 33. Re7 1-0

[Event "POL-chT 1st League"]
[Site "Szklarska Poreba"]
[Date "2021.09.10"]
[Round "7.1"]
[White "Schippers, Maurice"]
[Black "Bronowicki, Mateusz"]
[Result "1/2-1/2"]
[WhiteElo "2285"]
[BlackElo "2197"]
[PlyCount "58"]
[EventDate "2021.09.04"]
[EventType "team-swiss"]
[EventRounds "9"]
[EventCountry "POL"]
[SourceTitle "CBM 204 Extra"]
[Source "ChessBase"]
[SourceDate "2021.11.30"]
[SourceVersion "1"]
[SourceVersionDate "2021.11.30"]
[SourceQuality "1"]
[WhiteTeam "Gliwice Akademia Szachowa"]
[BlackTeam "Wisznia Mala Bialy Krol"]
[WhiteTeamCountry "POL"]
[BlackTeamCountry "POL"]

1. e4 e6 2. d4 d5 3. Nd2 c5 4. exd5 Qxd5 5. dxc5 Bxc5 6. Ngf3 Nf6 7. Bc4 Qd7 8. Qe2 a6 9. Ne4 Be7 10. Bf4 Qc6 11. Nxf6+ gxf6 12. 0-0-0 Qc5 13. Rd2 Nc6 14. Be3 Qa5 15. Rhd1 b5 16. Bb3 Bb7 17. Bh6 Qc7 18. Bxe6 fxe6 19. Ng5 Rg8 20. Qxe6 Rxg5 21. Bxg5 fxg5 22. Qg8+ Bf8 23. Re1+ Ne7 24. Qxh7 Qf4 25. Qg6+ Qf7 26. Qd6 Qxa2 27. Qg6+ Qf7 28. Qd6 Qa2 29. Qg6+ Qf7 1/2-1/2

[Event "POL-chT 1st League"]
[Site "Szklarska Poreba"]
[Date "2021.09.06"]
[Round "3.1"]
[White "Sliwerski, Radoslaw"]
[Black "Schippers, Maurice"]
[Result "1/2-1/2"]
[WhiteElo "2007"]
[BlackElo "2285"]
[PlyCount "60"]
[EventDate "2021.09.04"]
[EventType "team-swiss"]
[EventRounds "9"]
[EventCountry "POL"]
[SourceTitle "CBM 204 Extra"]
[Source "ChessBase"]
[SourceDate "2021.11.30"]
[SourceVersion "1"]
[SourceVersionDate "2021.11.30"]
[SourceQuality "1"]
[WhiteTeam "Wrzos Miedzyborow"]
[BlackTeam "Gliwice Akademia Szachowa"]
[WhiteTeamCountry "POL"]
[BlackTeamCountry "POL"]

1. d4 Nf6 2. c4 g6 3. g3 Bg7 4. Bg2 0-0 5. Nf3 d6 6. 0-0 Nc6 7. Nc3 a6 8. d5 Na5 9. b3 c5 10. dxc6 Nxc6 11. Bb2 Bf5 12. Qc1 Rc8 13. Nh4 Bd7 14. Nd5 Nxd5 15. Bxg7 Kxg7 16. cxd5 Ne5 17. Qd2 Qb6 18. h3 Rc7 19. Rac1 Rfc8 20. Rxc7 Rxc7 21. Kh2 Bc8 22. f4 Nd7 23. e4 Qc5 24. Nf3 Qc3 25. Rf2 Nf6 26. Qd4 Rc5 27. g4 Kf8 28. Rd2 a5 29. Qxc3 Rxc3 30. Nd4 Nd7 1/2-1/2

[Event "Suwalki Warakomska Memorial 5th"]
[Site "Suwalki"]
[Date "2021.08.02"]
[Round "8"]
[White "Parol, Pola"]
[Black "Schippers, Maurice"]
[Result "1/2-1/2"]
[WhiteElo "2111"]
[BlackElo "2292"]
[PlyCount "98"]
[EventDate "2021.07.27"]
[EventType "swiss"]
[EventRounds "9"]
[EventCountry "POL"]
[SourceTitle "EXT 2022"]
[Source "ChessBase"]
[SourceDate "2021.10.06"]
[SourceVersion "1"]
[SourceVersionDate "2021.10.06"]
[SourceQuality "1"]

1. e4 e6 2. d4 d5 3. Nd2 Nc6 4. Ngf3 Nf6 5. e5 Nd7 6. Be2 f6 7. exf6 Qxf6 8. Nf1 Bd6 9. Ne3 0-0 10. 0-0 Qg6 11. c4 Nf6 12. c5 Be7 13. Bb5 Bd7 14. Bxc6 Bxc6 15. Ne5 Qe8 16. a4 Nd7 17. N3g4 h5 18. Nxd7 Bxd7 19. Ne5 Rf5 20. f4 Bf6 21. Nf3 b6 22. Qc2 bxc5 23. Qxc5 Bxa4 24. Qxc7 a6 25. Bd2 Bb5 26. Rfc1 Be2 27. Ne5 Bxe5 28. dxe5 Qg6 29. Ra3 h4 30. Qe7 Rh5 31. h3 Re8 32. Qa7 Bc4 33. Rac3 Rf5 34. b3 Bb5 35. Rc7 Bd3 36. Qf2 Be4 37. Ra7 Ref8 38. Rcc7 R5f7 39. Rxf7 Rxf7 40. Rxa6 d4 41. b4 Bd5 42. Rd6 Qe4 43. Rd8+ Rf8 44. Rxf8+ Kxf8 45. Qf3 Qb1+ 46. Qf1 Qc2 47. Qc1 Qe4 48. Qc8+ Kf7 49. Qd7+ Kf8 1/2-1/2

[Event "Karlsruhe Grenke op"]
[Site "Karlsruhe"]
[Date "2019.04.22"]
[Round "8"]
[White "Schippers, Maurice"]
[Black "Schneider, Ilja"]
[Result "0-1"]
[WhiteElo "2306"]
[BlackElo "2504"]
[PlyCount "72"]
[EventDate "2019.04.18"]
[EventType "swiss"]
[EventRounds "9"]
[EventCountry "GER"]
[SourceTitle "CBM 189 Extra"]
[Source "ChessBase"]
[SourceDate "2019.06.03"]
[SourceVersion "1"]
[SourceVersionDate "2019.06.03"]
[SourceQuality "1"]

1. e4 c6 2. d4 d5 3. Nc3 a6 4. Nf3 Bg4 5. h3 Bh5 6. g4 Bg6 7. Ne5 Bxe4 8. Nxe4 dxe4 9. Bg2 Nd7 10. Nc4 Nb6 11. Ne3 Nf6 12. g5 Nfd5 13. Bxe4 e6 14. Qf3 Bb4+ 15. Kf1 Be7 16. h4 f5 17. gxf6 Nxf6 18. c3 0-0 19. Bc2 c5 20. Qxb7 cxd4 21. cxd4 Kh8 22. Rg1 Nfd5 23. Nxd5 Nxd5 24. Qb3 Bxh4 25. Rg2 Bxf2 26. Qh3 Be3+ 27. Ke1 Qa5+ 28. Rd2 h6 29. Kd1 Rf6 30. Re2 Raf8 31. Re1 Bxc1 32. Rxc1 Rf2 33. Qd3 Ne3+ 34. Qxe3 Qh5+ 35. Re2 Rxe2 36. Qxe2 Rf1+ 0-1

[Event "Gibraltar Masters 17th"]
[Site "Caleta"]
[Date "2019.01.30"]
[Round "9"]
[White "Schippers, Maurice"]
[Black "Tsolakidou, Stavroula"]
[Result "0-1"]
[WhiteElo "2276"]
[BlackElo "2414"]
[PlyCount "76"]
[EventDate "2019.01.22"]
[EventType "swiss"]
[EventRounds "10"]
[EventCountry "GGB"]
[SourceTitle "CBM 188 Extra"]
[Source "ChessBase"]
[SourceDate "2019.02.26"]
[SourceVersion "1"]
[SourceVersionDate "2019.02.26"]
[SourceQuality "1"]

1. e4 c5 2. Nf3 d6 3. d4 Nf6 4. Nc3 cxd4 5. Nxd4 a6 6. g3 e5 7. Nf3 Be7 8. Nh4 Nc6 9. Bg2 g6 10. 0-0 0-0 11. a4 Bg4 12. Nf3 Rc8 13. h3 Be6 14. Bg5 Nb4 15. Re1 Qc7 16. Re2 Rfd8 17. Rd2 Kg7 18. Nh2 h6 19. Bxf6+ Bxf6 20. h4 h5 21. Nf1 Kg8 22. Ne3 Bg7 23. Ned5 Nxd5 24. exd5 Bd7 25. Ne4 Bh6 26. Re2 Kg7 27. c3 f5 28. Ng5 Bxg5 29. hxg5 h4 30. Qd2 hxg3 31. fxg3 Qc4 32. Kf2 Bxa4 33. Ree1 Bb5 34. Rh1 Rh8 35. Qe3 Qb3 36. Qd2 Bc4 37. Bf3 Qb6+ 38. Ke1 Rxh1+ 0-1

[Event "Gibraltar Masters 17th"]
[Site "Caleta"]
[Date "2019.01.29"]
[Round "8"]
[White "Schippers, Maurice"]
[Black "Merario Alarcon, Andres"]
[Result "1-0"]
[WhiteElo "2276"]
[BlackElo "2405"]
[PlyCount "107"]
[EventDate "2019.01.22"]
[EventType "swiss"]
[EventRounds "10"]
[EventCountry "GGB"]
[SourceTitle "CBM 188 Extra"]
[Source "ChessBase"]
[SourceDate "2019.02.26"]
[SourceVersion "1"]
[SourceVersionDate "2019.02.26"]
[SourceQuality "1"]

1. Nf3 c5 2. g3 Nf6 3. Bg2 d5 4. 0-0 e6 5. d3 Be7 6. Nbd2 Nc6 7. e4 0-0 8. Re1 Qc7 9. e5 Nd7 10. Qe2 b5 11. Nf1 Bb7 12. Bf4 Rfc8 13. h4 Qd8 14. N1h2 a5 15. h5 h6 16. Ng4 Bf8 17. Qd2 b4 18. Ne3 a4 19. a3 Nd4 20. axb4 Nxf3+ 21. Bxf3 cxb4 22. d4 Nb6 23. b3 axb3 24. cxb3 Ra3 25. Rab1 Rc3 26. Bd1 Qa8 27. Rb2 Ba6 28. Bc2 Qd8 29. Ng4 Nd7 30. Qd1 Bb5 31. Bb1 Be7 32. Bd2 Rc8 33. Qf3 Qf8 34. Ne3 Bg5 35. Qg4 Kh8 36. f4 Be7 37. Ng2 Qg8 38. f5 Ra1 39. fxe6 fxe6 40. Nf4 Nf8 41. Nxd5 Qf7 42. Nf4 Rd8 43. Bg6 Rxe1+ 44. Bxe1 Qg8 45. Bf2 Bg5 46. Nh3 Bc1 47. Rc2 Nxg6 48. hxg6 Rc8 49. Qd1 Ba3 50. Ng5 Rf8 51. Rc8 Rxc8 52. Nf7+ Qxf7 53. gxf7 Rf8 54. Qf3 1-0

[Event "Gibraltar Masters 17th"]
[Site "Caleta"]
[Date "2019.01.25"]
[Round "4"]
[White "Schippers, Maurice"]
[Black "Chandra, Akshat"]
[Result "0-1"]
[WhiteElo "2276"]
[BlackElo "2492"]
[PlyCount "80"]
[EventDate "2019.01.22"]
[EventType "swiss"]
[EventRounds "10"]
[EventCountry "GGB"]
[SourceTitle "CBM 188 Extra"]
[Source "ChessBase"]
[SourceDate "2019.02.26"]
[SourceVersion "1"]
[SourceVersionDate "2019.02.26"]
[SourceQuality "1"]

1. e4 c5 2. Nf3 d6 3. d4 cxd4 4. Nxd4 Nf6 5. Nc3 a6 6. g3 e5 7. Nb3 Be7 8. Bg2 0-0 9. 0-0 Be6 10. a4 Nbd7 11. Re1 Rc8 12. Nd2 Qc7 13. Nf1 Qb8 14. Ne3 Bd8 15. g4 g6 16. g5 Nh5 17. Ned5 f6 18. Bf3 Ng7 19. gxf6 Nxf6 20. Nxf6+ Rxf6 21. Bg4 Rf7 22. Be3 Bxg4 23. Qxg4 Ba5 24. Red1 Bxc3 25. bxc3 Rxc3 26. Rd2 Qc7 27. Rad1 Ne8 28. Kh1 Qc4 29. Bh6 Qc8 30. Qg5 Qe6 31. a5 Rh3 32. c4 Rh5 33. Qe3 Qf6 34. f4 exf4 35. Qb3 Qe6 36. e5 Rxh6 37. exd6 Rd7 38. Qf3 Rxd6 39. Rxd6 Nxd6 40. Qxf4 Qe4+ 0-1

[Event "Groningen op 56th"]
[Site "Groningen"]
[Date "2018.12.30"]
[Round "9"]
[White "Gleizerov, Evgeny"]
[Black "Schippers, Maurice"]
[Result "1-0"]
[WhiteElo "2504"]
[BlackElo "2270"]
[PlyCount "95"]
[EventDate "2018.12.22"]
[EventType "swiss"]
[EventRounds "9"]
[EventCountry "NED"]
[SourceTitle "CBM 188 Extra"]
[Source "ChessBase"]
[SourceDate "2019.02.26"]
[SourceVersion "1"]
[SourceVersionDate "2019.02.26"]
[SourceQuality "1"]

1. d4 Nf6 2. c4 g6 3. Nc3 Bg7 4. e4 d6 5. Nf3 0-0 6. Be2 e5 7. 0-0 Nc6 8. d5 Ne7 9. Nd2 a5 10. a3 Nd7 11. Rb1 f5 12. b4 Kh8 13. Qc2 Nf6 14. Bb2 axb4 15. axb4 c6 16. Rbd1 fxe4 17. Ndxe4 Nxe4 18. Nxe4 cxd5 19. cxd5 Bf5 20. Bf3 Qb6 21. Qb3 Bxe4 22. Bxe4 Rf4 23. Rde1 Raf8 24. Re2 Qb5 25. Rfe1 Qb6 26. Rf1 Qb5 27. Ree1 Qb6 28. Qe3 Qb5 29. g3 R4f6 30. Qd2 Ng8 31. Bg2 Qb6 32. Re2 Bh6 33. Qe1 Ne7 34. Kh1 g5 35. h3 Qb5 36. Re4 Qb6 37. Bd4 Qb5 38. Ba1 Nxd5 39. Bxe5 dxe5 40. Rxe5 Rd8 41. Qe4 Rfd6 42. Rd1 Qxb4 43. Re8+ Rxe8 44. Qxe8+ Kg7 45. Bxd5 Rg6 46. Be4 Qb3 47. Rd7+ Kf6 48. Qe7# 1-0

[Event "Groningen op 56th"]
[Site "Groningen"]
[Date "2018.12.22"]
[Round "1"]
[White "Van Leusden, Dennis"]
[Black "Schippers, Maurice"]
[Result "0-1"]
[WhiteElo "2016"]
[BlackElo "2270"]
[PlyCount "70"]
[EventDate "2018.12.22"]
[EventType "swiss"]
[EventRounds "9"]
[EventCountry "NED"]
[SourceTitle "CBM 188 Extra"]
[Source "ChessBase"]
[SourceDate "2019.02.26"]
[SourceVersion "1"]
[SourceVersionDate "2019.02.26"]
[SourceQuality "1"]

1. d4 Nf6 2. c4 g6 3. Nc3 Bg7 4. Nf3 0-0 5. e4 d6 6. Be2 e5 7. Be3 exd4 8. Nxd4 Re8 9. f3 c6 10. Bf2 d5 11. exd5 cxd5 12. c5 Nc6 13. 0-0 Bf8 14. Kh1 Bd7 15. Re1 Rc8 16. Nxc6 bxc6 17. Qa4 Rb8 18. b3 a5 19. a3 Nh5 20. Bf1 Bg7 21. Rxe8+ Bxe8 22. Rc1 Qg5 23. Ne2 Bd7 24. Rd1 Be5 25. Nc1 Bc7 26. Nd3 Ng7 27. b4 Qh5 28. f4 axb4 29. axb4 Ne6 30. Rd2 Nxf4 31. Bg3 g5 32. Qa7 Rc8 33. Rf2 Nxd3 34. Bxd3 Bxg3 35. Qxd7 Qxh2# 0-1

[Event "Hoogeveen op 22nd"]
[Site "Hoogeveen"]
[Date "2018.10.25"]
[Round "7"]
[White "Schippers, Maurice"]
[Black "Ingebretsen, Jens E"]
[Result "1/2-1/2"]
[WhiteElo "2272"]
[BlackElo "2160"]
[PlyCount "139"]
[EventDate "2018.10.20"]
[EventType "swiss"]
[EventRounds "9"]
[EventCountry "NED"]
[SourceTitle "CBM 187 Extra"]
[Source "ChessBase"]
[SourceDate "2018.11.04"]
[SourceVersion "1"]
[SourceVersionDate "2018.11.04"]
[SourceQuality "1"]

1. e4 c5 2. Nf3 a6 3. c3 d5 4. exd5 Qxd5 5. d4 e6 6. Be3 Nd7 7. Be2 Ngf6 8. 0-0 Bd6 9. c4 Qc6 10. h3 0-0 11. Nc3 Qc7 12. dxc5 Nxc5 13. b4 Nce4 14. Nxe4 Nxe4 15. Qd4 f5 16. c5 Be7 17. Rac1 Bd7 18. Bf4 Qd8 19. Bc4 Bf6 20. Be5 Qe7 21. Bxf6 gxf6 22. Rfe1 Kh8 23. Nd2 Bc6 24. Nxe4 fxe4 25. a4 Rad8 26. Qe3 f5 27. b5 axb5 28. axb5 Bd5 29. Bf1 Qg7 30. Rc2 Rf6 31. c6 bxc6 32. bxc6 Rc8 33. Rb1 Rf7 34. Qf4 Rfc7 35. Rbc1 h6 36. Ba6 Rg8 37. g3 Rf8 38. Rc5 Ra8 39. Bc4 Ra3 40. Bxd5 Rf3 41. Qh4 exd5 42. Kg2 f4 43. g4 d4 44. Rd5 Rc3 45. Rxc3 dxc3 46. Qd8+ Kh7 47. Rd7 Rxd7 48. cxd7 f3+ 49. Kg3 Qe5+ 50. Kh4 c2 51. Qf8 Qg5+ 52. Kg3 c1Q 53. Qf7+ Qg7 54. Qxg7+ Kxg7 55. d8Q Qg1+ 56. Kf4 Qxf2 57. Qe7+ Kg8 58. Qe6+ Kg7 59. Qe5+ Kg8 60. Qxe4 Qh2+ 61. Kxf3 Qxh3+ 62. Kf4 Qf1+ 63. Ke5 Kg7 64. Qb7+ Qf7 65. Qxf7+ Kxf7 66. Kf5 Kg7 67. g5 h5 68. g6 h4 69. Kg4 Kxg6 70. Kxh4 1/2-1/2

[Event "Hoogeveen op 22nd"]
[Site "Hoogeveen"]
[Date "2018.10.21"]
[Round "2"]
[White "Pruijssers, Roeland"]
[Black "Schippers, Maurice"]
[Result "1-0"]
[WhiteElo "2501"]
[BlackElo "2272"]
[PlyCount "97"]
[EventDate "2018.10.20"]
[EventType "swiss"]
[EventRounds "9"]
[EventCountry "NED"]
[SourceTitle "CBM 187 Extra"]
[Source "ChessBase"]
[SourceDate "2018.11.04"]
[SourceVersion "1"]
[SourceVersionDate "2018.11.04"]
[SourceQuality "1"]

1. e4 c5 2. Nf3 e6 3. d4 cxd4 4. Nxd4 Nf6 5. Nc3 Nc6 6. Ndb5 d6 7. Bf4 e5 8. Bg5 a6 9. Na3 b5 10. Nd5 Be7 11. Bxf6 Bxf6 12. c4 b4 13. Nc2 a5 14. g3 Bg5 15. Bg2 0-0 16. 0-0 Be6 17. f4 Bh6 18. Qd3 Qb8 19. Kh1 Qa7 20. Rad1 Rfd8 21. Nde3 exf4 22. gxf4 Qc5 23. Qe2 f6 24. b3 a4 25. Qf3 axb3 26. axb3 Ra6 27. Bh3 Bf7 28. Nf5 Kh8 29. Nce3 Ra3 30. Nxh6 gxh6 31. Nf5 Rg8 32. Rg1 Rg6 33. Nh4 Na5 34. Nxg6+ hxg6 35. Rd3 Ra2 36. Qd1 Rf2 37. Rxd6 Rxf4 38. Rd7 Kg8 39. Rxf7 Kxf7 40. Qd7+ Kf8 41. Be6 Qe7 42. Qc8+ Qe8 43. Qc5+ Kg7 44. Qxa5 Rxe4 45. Qc7+ Kh8 46. Bf7 Qa8 47. Bd5 Qe8 48. Qb6 Rf4 49. Ra1 1-0

[Event "Hoogeveen op 22nd"]
[Site "Hoogeveen"]
[Date "2018.10.20"]
[Round "1"]
[White "Schippers, Maurice"]
[Black "De Vries, Emma"]
[Result "1-0"]
[WhiteElo "2272"]
[BlackElo "1905"]
[PlyCount "77"]
[EventDate "2018.10.20"]
[EventType "swiss"]
[EventRounds "9"]
[EventCountry "NED"]
[SourceTitle "CBM 187 Extra"]
[Source "ChessBase"]
[SourceDate "2018.11.04"]
[SourceVersion "1"]
[SourceVersionDate "2018.11.04"]
[SourceQuality "1"]

1. e4 e6 2. d4 d5 3. Nd2 Nf6 4. e5 Nfd7 5. c3 c5 6. Bd3 Nc6 7. Ne2 cxd4 8. cxd4 f6 9. exf6 Nxf6 10. Nf3 Bd6 11. 0-0 Qc7 12. h3 0-0 13. Be3 Bd7 14. Nc3 a6 15. Re1 Rae8 16. Rc1 Qb8 17. a3 b5 18. b4 Re7 19. Qb3 Kh8 20. Qb1 Qe8 21. Ne2 Qb8 22. Ng5 g6 23. f4 a5 24. Bd2 Qa7 25. Nf3 e5 26. fxe5 Nxe5 27. Nxe5 Rxe5 28. bxa5 Bxa3 29. Bb4 Rxe2 30. Bxa3 Qxd4+ 31. Kh1 Rxe1+ 32. Rxe1 Rf7 33. Rf1 Kg7 34. Bb2 Qc5 35. Qa1 Qc6 36. Bd4 Qd6 37. a6 Bc6 38. a7 Ba8 39. Bxb5 1-0

[Event "Suwalki Warakomska Memorial-A op"]
[Site "Suwalki"]
[Date "2018.08.04"]
[Round "5"]
[White "Schippers, Maurice"]
[Black "Paprocki, Jaroslaw"]
[Result "1-0"]
[WhiteElo "2303"]
[BlackElo "2143"]
[PlyCount "179"]
[EventDate "2018.08.01"]
[EventType "swiss"]
[EventRounds "9"]
[EventCountry "POL"]
[SourceTitle "CBM 185 Extra"]
[Source "ChessBase"]
[SourceDate "2018.07.29"]
[SourceVersion "1"]
[SourceVersionDate "2018.07.29"]
[SourceQuality "1"]

1. d4 Nf6 2. g3 d5 3. Bg2 g6 4. Nf3 Bg7 5. 0-0 0-0 6. c4 c6 7. cxd5 cxd5 8. Nc3 Nc6 9. Ne5 Nxe5 10. dxe5 Ng4 11. f4 Qb6+ 12. Kh1 e6 13. Qd3 f6 14. exf6 Bxf6 15. Qf3 Nh6 16. e4 d4 17. Na4 Qb5 18. b3 e5 19. f5 Bg7 20. Ba3 Rf7 21. g4 Bd7 22. Qh3 Kh8 23. Bc1 g5 24. Bxg5 Ng8 25. Rac1 Bf8 26. Bh4 Ba3 27. Rc2 Rc8 28. Rxc8 Bxc8 29. g5 Ne7 30. Bg3 Kg8 31. Qh5 Bd7 32. Rg1 Qa5 33. g6 hxg6 34. fxg6 Rg7 35. Qxe5 Qd2 36. Nc5 Bc8 37. Ne6 Rxg6 38. Qxd4 Qh6 39. Nc5 Rxg3 40. Qd8+ Qf8 41. Qxf8+ Kxf8 42. hxg3 Bxc5 43. Rc1 b6 44. Kh2 Nc6 45. Bh3 Ba6 46. Bf1 Bb7 47. Bc4 Ne5 48. Bd5 Ba6 49. b4 Bd6 50. a3 Ke7 51. Kg2 Kf6 52. Rh1 Kg7 53. Be6 Be2 54. Kf2 Bf3 55. Rh4 a5 56. bxa5 Bc5+ 57. Kf1 bxa5 58. Bf5 Bxa3 59. Rh7+ Kf6 60. Ra7 Bb4 61. Ra6+ Kg5 62. Kf2 Bd1 63. Ke3 Bc3 64. Be6 Bc2 65. Ra8 Be1 66. Kd4 Kf6 67. Bd5 Bf2+ 68. Kc3 Bxe4 69. Bxe4 Bxg3 70. Kd4 Bf2+ 71. Kd5 Nd7 72. Rxa5 Ke7 73. Bf5 Nb6+ 74. Kc6 Nc4 75. Ra2 Bg3 76. Bh3 Ne3 77. Kc5 Bf4 78. Kd4 Bg5 79. Ra6 Nc2+ 80. Ke5 Be3 81. Rc6 Nb4 82. Rc7+ Kd8 83. Rd7+ Ke8 84. Rh7 Kf8 85. Ke6 Bd2 86. Rc7 Bg5 87. Bf5 Na2 88. Bh7 Nc1 89. Rf7+ Ke8 90. Rg7 1-0